00792nam a2200181 a 450000100100000000500170001000800410002704000240006810000340009224500490012626000600017530000280023550400280026304900090029195201870030095201060048799900170059300002750120240229073955.0110401s1987 dr a 000 0 spa d aDO-SdBNPbspacNPHU1 aVega, Bernardo,d1938 -9322210aSantos Shamanes y Zemíes /cBernardo Vega. aSanto Domingo :bFundación Cultura Dominicana,c1987. a185 p. :bil. ;c27 cm. aBibliografía : p. 182 aBNPD 0010718PDaPDbPDcCTd2011-04-01iLF1l0o p27501-10r2020-06-25w2020-06-25yLFPDzPerteneció a la biblioteca personal de Aída Cartagena Portalatín. DedicadoZNo se presta 00107-18PDaPDbPDcOId2019-06-25iLF1l0o p27501-20r2020-06-25w2020-06-25yLFPDZNo se presta c26993d26993